Feasibility Study of Optical Packet Switching Network: Performance Evaluation : V.odb. 26-27-9. Obh. 31.1.2002 /

Saved in:
Bibliographic Details
Main Author: Kotuliak, Ivan (Author)
Other Authors: Podhradský, Pavol, 1943- (Thesis advisor)
Format: Manuscript Book
Language:English
Published: Bratislava : STU v Bratislave FEI, 2002
Subjects:
Tags: Add Tag
No Tags, Be the first to tag this record!

MARC

LEADER 00000ntm a22000003a 4500
001 0112015
005 20241025095305.5
008 030327s2002------------------------eng-d
040 |a STU  |b slo 
041 0 |a eng 
100 1 |a Kotuliak, Ivan  |4 aut  |u E240  |U FEI Fakulta elektrotechniky a informatiky  |T FEI Katedra telekomunikácií  |X 1883  |U E240  |Y 72  |7 1883 
245 1 |a Feasibility Study of Optical Packet Switching Network: Performance Evaluation :  |b V.odb. 26-27-9. Obh. 31.1.2002 /  |c aut. Ivan Kotuliak ; škol. Pavol Podhradský 
260 |a Bratislava :  |b STU v Bratislave FEI,  |c 2002 
300 |a 106 s. 
650 7 |a Telekomunikácie  |2 stusub 
700 1 |a Podhradský, Pavol,  |d 1943-  |4 ths  |u E240  |U FEI Fakulta elektrotechniky a informatiky  |T FEI Katedra telekomunikácií  |X 2148  |U E240  |Y 72  |7 A000002148